| 000 | 00704nas a2200253 4500 | ||
|---|---|---|---|
| 001 | BR8302745 | ||
| 003 | BR-BrBNA | ||
| 005 | 20231205085530.0 | ||
| 007 | ta | ||
| 008 | 230509b bl.|||p| |||| 00| 00por d | ||
| 040 |
_aBR-BrBNA _bpor _cBiblioteca Nacional de Agricultura |
||
| 041 | _a(Pt) | ||
| 072 | _aL10 | ||
| 100 | 1 | _aCubas, A.C. | |
| 245 | 1 | _aMais uma aventura genetica [Bovino] | |
| 650 | _aGENETICA ANIMAL | ||
| 650 | _aCRUZAMENTO ANIMAL | ||
| 650 | _aRACA | ||
| 650 | _aREPRODUCAO ANIMAL | ||
| 650 | _aBOVINO | ||
| 773 | 0 |
_tAgricultura de Hoje (Brazil) _xISSN 0100-5707 _g(Aug 1983), v. 8(90) p. 42-43 _wBR8302745 |
|
| 909 |
_a202311 _bLúcia _c55 _dLúcia Elande |
||
| 942 |
_2AGRIS _n0 _cANA |
||
| 999 |
_c112044 _d112044 |
||